Agricultura sostenible /

Guardado en:
Autor Principal: Coscia, Adolfo A.
Formato: Libro
Publicado: Buenos Aires : Hemisferio Sur, 1993
Materias:
Etiquetas: Agregar Etiqueta
Sin Etiquetas, Sea el primero en etiquetar este registro!
LEADER 00588nam a22001815a 4500
001 CEM.cems017290
005 20090918112747.0
008 130507s1993##################000#0#####d
003 CEMS
020 |a 9505045123 
082 0 4 |a 338.18 
100 1 |a Coscia, Adolfo A. 
245 1 0 |a Agricultura sostenible /  |c Adolfo A. Coscia 
260 |a Buenos Aires :  |b Hemisferio Sur,  |c 1993 
300 |a 112 p. 
505 0 |a Aspectos generales -- Instrumentos para una política de sostenibilidad de la agricultura 
653 |a Economía agraria 
859 |a CEMS  |b BIB. CEMS - Agricultura  |h 338.18  |i C820  |p A1112.09  |t Ej.1